[Event "ESP-ch U18"]
[Site "Salobrena"]
[Date "2020.08.17"]
[Round "2"]
[White "Gamez Gonzalez, Lourdes"]
[Black "Ruiz Gonzalez, Jorge"]
[Result "0-1"]
[WhiteElo "1287"]
[BlackElo "2102"]
[PlyCount "60"]
[EventDate "2020.08.17"]
[EventType "swiss"]
[EventRounds "9"]
[EventCountry "ESP"]
[SourceTitle "CBM 197 Extra"]
[Source "ChessBase"]
[SourceDate "2020.09.30"]
[SourceVersion "1"]
[SourceVersionDate "2020.09.30"]
[SourceQuality "1"]

1. d4 Nf6 2. c4 e6 3. Nf3 d5 4. e3 Be7 5. Nc3 0-0 6. Bd3 b6 7. 0-0 Bb7 8. b3 Nbd7 9. Bb2 Ne4 10. Nd2 f5 11. cxd5 exd5 12. Qc2 a6 13. f3 Nxd2 14. Qxd2 Bd6 15. Ne2 Qh4 16. f4 Rae8 17. Rf3 Re6 18. Re1 g6 19. Nc3 Qe7 20. a4 Nf6 21. Qe2 c5 22. dxc5 Bxc5 23. Nd1 d4 24. Rh3 Nd5 25. Kh1 Nxf4 26. exf4 Rxe2 27. Rxe2 Qd6 28. Bc4+ Bd5 29. Bxa6 Qxf4 30. Nf2 Rd8 0-1